| 000 | 01016nas a2200313 4500 | ||
|---|---|---|---|
| 001 | BR2015002936 | ||
| 003 | BR-BrBNA | ||
| 005 | 20231205125348.0 | ||
| 007 | ta | ||
| 008 | 230509b bl.|||p| |||| 00| 00por d | ||
| 040 |
_aBR-BrBNA _bpor _cBiblioteca Nacional de Agricultura |
||
| 041 | _a(Pt) | ||
| 072 | _aN20 | ||
| 100 | 1 | _aGomes, A.W.A. | |
| 100 | 1 | _aFrizzone, J.A. | |
| 100 | 1 | _aRettore Neto, O. | |
| 100 | 1 | _aMiranda, J.H. de | |
| 245 | 1 | _aPerda de carga localizada em gotejadores integrados em tubos de polietileno | |
| 246 | 1 | _aLocal head losses for integrated drippers in polyethylene pipes | |
| 650 | _aEQUIPAMENTO AGRICOLA | ||
| 650 | _aIRRIGACAO POR GOTEJAMENTO | ||
| 650 | _aMODELO MATEMATICO | ||
| 650 | _aANALISE | ||
| 650 | _aMANEJO DE AGUA | ||
| 773 | 0 |
_tEngenharia Agrícola (Brazil) _xISSN 1809-4430 _g(Jun 2010), v. 30(3) p. 435-446 _wBR2015002936 |
|
| 856 | 4 | 0 | _uhttp://www.scielo.br/pdf/eagri/v30n3/08.pdf |
| 909 |
_a202311 _bLúcia _c55 _dLúcia Elande |
||
| 942 |
_2AGRIS _n0 _cANA |
||
| 999 |
_c243989 _d243989 |
||